| 000 | 00534nam a2200181Ia 4500 | ||
|---|---|---|---|
| 999 |
_c7817 _d7817 |
||
| 003 | OSt | ||
| 005 | 20210708154458.0 | ||
| 008 | 151021s9999 xx 000 0 und d | ||
| 020 | _a697139956 | ||
| 040 |
_aMMU _beng _cMMU _dMMU |
||
| 050 | _aGV 718 .D38 1994 | ||
| 245 |
_aSport Management Successful Private sector Business Strategies / _cKathleen A. Davis. |
||
| 260 |
_aNew Jersey : _bBrown Benchmark , _c1994. |
||
| 300 | _axx, 300 p. : | ||
| 500 | _aIncludes index | ||
| 650 | _aSports Management | ||
| 942 |
_2lcc _cLOAN LOAN |
||